Estado de fiesta : feria, foro, corte y circo /

Gespeichert in:
Bibliographische Detailangaben
1. Verfasser: Gil Calvo, Enrique (autor)
Format: Buch
Sprache:Spanisch
Schlagworte:
Tags: Tag hinzufügen
Keine Tags, Fügen Sie das erste Tag hinzu!

MARC

LEADER 00000nam^a2200000^a^4500
001 000032676
005 20250521000000.0
009 20260310085127.781
020 |a 84-239-2457-2 
037 |a Acervo ITESO - Biblioteca 
041 |a ESP 
082 |a 306. 4  |b GIL 
100 |a Gil Calvo, Enrique  |e (autor) 
245 1 0 |a Estado de fiesta :  |b feria, foro, corte y circo /  |c E. Gil Calvo. 
264 |a Madrid, España :  |b Espasa-Calpe,  |c 1991 
300 |a 212 p. 
336 |a texto  |b txt  |2 rdacontenido 
337 |a sin mediación  |b n  |2 rdamedio 
338 |a volumen  |b nc  |2 rdasoporte 
649 |a XX 
650 |a Fiestas 
650 |a Prácticas Culturales 
650 |a Sociología de la Cultura 
910 |a Fondo General 
920 |a Impresos - Libros 
930 |a Colección General 
905 |a 101 
901 |a 0326760100  |b IT1  |c ACC  |i 032676  |u 20250521 
902 |a https://opac.biblio.iteso.mx/vufind/Record/000032676